000 01276cam a22003377a 4500
003 CHAP
005 20220329143047.0
008 051122d2005 mx a r 00110 spa d
010 _a91367
011 _a92339
035 _a102903
040 _cCHAP
090 _aTesis
100 0 0 _aHernández Vargas, Marta Magali.
_954711
245 1 0 _aEvaluación de características reproductivas, mediante apareamientos a diferente horario, en tres razas de conejo (Oryctolagus cuniculus L.)
_c/por Marta Magal Hernández Vargas
260 _aCocula, Gro. :
_bEl autor,
_c2005.
300 _a42 h. :
_bilus. ; gráfs.
502 _aTesis (Ing. Agr. Zootecnista) -- Colegio Superior Agropecuario del Estado de Guerrero. Centro de Estudios Profesionales
590 _aALEPH
_b10
_c20130110
_lUCH01
_h1507
590 _aBATCH-UPD
_b10
_c20130110
_lUCH01
_h0726
590 _aBATCH-UPD
_b10
_c20130410
_lUCH01
_h0410
590 _aBATCH-UPD
_b10
_c20130914
_lUCH01
_h1028
590 _aCONVERSION
_b10
_c20130109
_lUCH01
_h1351
650 1 4 _aAnimales
_xApareamiento.
_95855
650 1 4 _aConejos
_xRazas.
_926377
650 1 4 _aConejos
_xReproducción.
_926378
901 _aBK
905 _aAlejandra Carrasco M.
942 _cTESIS
949 _aTesis
_bBC
_cTES
_d1029031
_eTS1
_h44110
_i102903
_sb
999 _c91367
_d91367